Boysh*t Lyrics - Statistics

General Stats
  • This quiz has been taken 7 times
  • The average score is 279 of 370
Answer Stats
Hint Answer % Correct
a
100%
Refrain All
83%
and
83%
boy,
83%
but
83%
But
83%
cause
83%
Cause
83%
'cause
83%
'Cause
83%
don't
83%
Verse 2 Don't
83%
down
83%
fightin'
83%
I
83%
Verse 1 I'm
83%
in,
83%
in
83%
it
83%
it's
83%
just
83%
kissin'
83%
let
83%
lettin'
83%
like
83%
man,
83%
many
83%
me
83%
my
83%
no
83%
now
83%
on
83%
One
83%
one
83%
see
83%
shit
83%
(Shit,
83%
shit,
83%
shit)
83%
So
83%
so
83%
sound
83%
speak
83%
speak,
83%
swear,
83%
talk,
83%
talk
83%
the
83%
times
83%
to
83%
To
83%
too
83%
We
83%
when
83%
you
83%
you,
83%
You
83%
your
83%
(Your
83%
you're
83%
You're
83%
always
67%
back
67%
back,
67%
boyshit
67%
Boyshit
67%
call
67%
can't
67%
coming
67%
could
67%
couldn't
67%
doin'
67%
eye
67%
eye,
67%
how
67%
if
67%
If
67%
life
67%
love's
67%
might
67%
never
67%
not
67%
poison
67%
ruin
67%
seem
67%
temptin'
67%
that
67%
think
67%
tried
67%
understand
67%
We're
67%
ya
67%
Yeah,
67%
yeah
67%
yeah)
67%
yellin'
67%
act
50%
age,
50%
avoid
50%
change,
50%
communicate
50%
dust,
50%
game
50%
have
50%
is
50%
know
50%
leavin'
50%
level
50%
mind
50%
off,
50%
or
50%
pointless
50%
rather
50%
start
50%
thought
50%
until
50%
up,
50%
would
50%
get
33%
movin'
33%
(Ooh)
33%
through
33%
tryna
33%
way
33%
with
33%
woman
33%
(Woo)
33%
words,
33%
No matching quizzes found
Score Distribution
Percent of People with Each Score
Percentile by Number Answered
Your Score History
You have not taken this quiz